| 000 | 00724nam a22002177a 4500 | ||
|---|---|---|---|
| 003 | UA-OsUOA | ||
| 001 | 69140 | ||
| 007 | ta | ||
| 008 | 20100609b un ||||| |||| 00| 0 ukr d | ||
| 100 | _aКарасьв В. | ||
| 090 |
_a32 _bК21 |
||
| 942 | _cSA | ||
| 040 |
_aUA-OsUOA _bukr _cUA-OsUOA _dUA-OsUOA |
||
| 245 | _aвперед, у минуле?.. Вадим Карасьов: Держава, яка будується на вертикалі, не може відповідати ефективно на щоденні виклики, що генеруться сучасною епохою | ||
| 300 | _aС.5 | ||
| 955 | _a0 | ||
| 041 | _aukr | ||
| 080 | _a32 | ||
| 773 | 0 | _w69139 | |
| 650 | 7 |
_a32 Політика _2UDC |
|
| 999 |
_c355396 _d355396 |
||